[Event "83rd ESP-ch Women-ch 2018"]
[Site "Linares"]
[Date "2018.08.22"]
[Round "3"]
[White "Matnadze, Ana"]
[Black "Roldan Marques, Daniel"]
[Result "1/2-1/2"]
[WhiteElo "2378"]
[BlackElo "2161"]
[Annotator "NA"]
[PlyCount "60"]
[EventDate "2018.08.09"]
[EventType "tourn"]
[EventCountry "ESP"]
[SourceTitle "playchess.com"]
[Source "ChessBase"]
[SourceQuality "1"]
[TimeControl "40/5400+30:1800+30"]

1. Nf3 {[%emt 0:00:00]} Nf6 {[%emt 0:03:01]} 2. c4 {[%emt 0:00:00]} c6 {[%emt 0:00:11]} 3. g3 {[%emt 0:00:06]} d5 {[%emt 0:00:31]} 4. d4 {[%emt 0:01:41]} dxc4 {[%emt 0:01:29]} 5. Bg2 {[%emt 0:00:35]} b5 {[%emt 0:01:06]} 6. a4 {[%emt 0:01:08] D11: Slav Defence: 3 Nf3 sidelines and 3...Nf6 4 e3 Bg4} (6. O-O e6 7. a4 Bb7 8. Ne5 a6 9. b3 cxb3 10. Qxb3 Be7 11. Nc3 b4 12. Rd1 a5 13. Bg5 O-O 14. Bxf6 gxf6 {1-0 (37) Mchedlishvili,M (2603)-Eljanov,P (2711) Riadh 2017}) 6... Bb7 {[%emt 0:00:26]} 7. b3 {[%emt 0:04:23]} cxb3 {[%emt 0:02:27]} 8. Qxb3 {[%emt 0:03:39]} a6 {[%emt 0:04:27]} 9. Ba3 $146 {[%emt 0:06:53]} ({Predecessor:} 9. O-O e6 10. Bb2 Nbd7 11. Nbd2 Be7 12. Rfd1 O-O 13. Ne5 Nd5 {0-1 (33) Curtis,J-Hay,T Australia 1973}) 9... Nbd7 {[%emt 0:07:26]} 10. Ne5 {[%emt 0:11:40]} Nxe5 {[%emt 0:12:44]} 11. dxe5 {[%emt 0:00:12]} Nd5 {[%emt 0:03:48]} 12. O-O {[%emt 0:11:15]} e6 {[%emt 0:03:54]} 13. Bxf8 {[%emt 0:01:21]} Kxf8 {[%emt 0:00:36]} 14. Nc3 {[%emt 0:05:29]} Nxc3 {[%emt 0:11:33]} 15. Qxc3 {[%emt 0:01:17]} Qe7 {[%emt 0:03:22]} 16. Rfc1 {[%emt 0:22:19]} g6 {[%emt 0:11:02]} 17. Bxc6 {[%emt 0:09:11]} Rc8 {[%emt 0:05:24]} 18. axb5 {[%emt 0:00:05]} axb5 {[%emt 0:00:19]} 19. Qf3 {[%emt 0:02:38]} Rxc6 {[%emt 0:02:55]} 20. Rxc6 {[%emt 0:00:38]} Bxc6 {[%emt 0:00:53]} 21. Qxc6 {[%emt 0:00:15]} b4 {[%emt 0:02:52]} 22. Qb6 {[%emt 0:07:06]} Kg7 {[%emt 0:05:23]} 23. Ra7 {[%emt 0:00:06]} Qe8 {[%emt 0:00:21]} 24. Qxb4 {[%emt 0:00:29]} Qb8 $14 {[%emt 0:01:21]} 25. Qe7 {[%emt 0:07:41]} Qb1+ {[%emt 0:02:02]} 26. Kg2 {[%emt 0:00:02]} Qe4+ {[%emt 0:00:15]} 27. Kg1 {[%emt 0:00:24]} Qb1+ {[%emt 0:00:07]} 28. Kg2 {[%emt 0:00:01]} Qe4+ {[%emt 0:00:06]} 29. Kg1 {[%emt 0:02:09]} Qb1+ {[%emt 0:00:08]} 30. Kg2 {[%emt 0:00:05]} Qe4+ {[%emt 0:00:09]} 1/2-1/2

[Event "83rd ESP-ch Women-ch 2018"]
[Site "Linares"]
[Date "2018.08.22"]
[Round "3"]
[White "Teran Alvarez, Ismael"]
[Black "Del Rio de Angelis, Salvador Gabriel"]
[Result "1/2-1/2"]
[WhiteElo "2377"]
[BlackElo "2525"]
[Annotator "TA"]
[PlyCount "60"]
[EventDate "2018.08.09"]
[EventType "tourn"]
[EventCountry "ESP"]
[SourceTitle "playchess.com"]
[Source "ChessBase"]
[SourceQuality "1"]

{[%evp 19,60,-29,-27,-25,-22,-48,-46,-59,-44,-57,-46,-72,-63,-66,-53,-93,-52,-85,-75,-78,-62,-83,-83,-88,-74,-119,-115,-140,-115,-110,-16,0,0,0,-41,-109,-37,-47,0,0,0,-13,0]} 1. Nf3 b6 2. e4 Bb7 3. Nc3 e6 4. d4 Bb4 5. Bd3 Nf6 6. Qe2 d5 7. e5 {B00: Queen's Fianchetto Defence, Nimzowitsch Defence} (7. exd5 Qxd5 8. O-O Bxc3 9. bxc3 Nbd7 10. c4 Qh5 11. Bf4 Rc8 12. a4 a5 13. Rab1 O-O 14. Rb5 c5 15. dxc5 Rxc5 {0-1 (29) Eljanov,P (2734)-Carlsen,M (2827) Douglas 2017}) 7... Ne4 8. O-O Nxc3 9. bxc3 Bxc3 10. Rb1 Nc6 {LiveBook: 4 Games} 11. Qe3 Bb4 12. Qf4 Qd7 13. Qg4 Bf8 14. c3 h6 $146 ({Predecessor:} 14... O-O-O) 15. h4 O-O-O 16. h5 Kb8 17. Nh4 Ne7 18. Qf4 g5 19. hxg6 fxg6 {[%cal Bf7g6,Bg6g5][%mdl 32]} 20. Qf7 g5 21. Nf3 Nf5 22. Qh5 Be7 23. g4 Ng7 24. Qf7 Rhf8 (24... Rhg8 $1 $17 {Strongly threatening ...Rdf8.} 25. Be2 h5 $1 {[%mdl 512]} 26. Nxg5 (26. Bxg5 $2 hxg4 27. Qxe7 gxf3 $19) 26... Rdf8) 25. Qxg7 $11 {And now Bb5 would win.} Rxf3 26. Be3 Rff8 27. a4 {[#]} ({White should try} 27. Kg2 $15) 27... Rh8 ({Black should play} 27... Rg8 $1 $17 {[%cal Rg8g7]} 28. Qxh6 a5) 28. a5 $15 h5 29. Bb5 c6 30. Be2 $1 Rdg8 {Precision: White = 38%, Black = 58%.} 1/2-1/2

[Event "83rd ESP-ch Women-ch 2018"]
[Site "Linares"]
[Date "2018.08.22"]
[Round "3"]
[White "Bernabeu Lopez, Carlos Javier"]
[Black "Gil Quilez, Sonia"]
[Result "1-0"]
[WhiteElo "2360"]
[BlackElo "2066"]
[Annotator "NA"]
[PlyCount "99"]
[EventDate "2018.08.09"]
[EventType "tourn"]
[EventCountry "ESP"]
[SourceTitle "playchess.com"]
[Source "ChessBase"]
[SourceQuality "1"]
[TimeControl "40/5400+30:1800+30"]

1. e4 {[%emt 0:00:00]} e5 {[%emt 0:00:00]} 2. Nf3 {[%emt 0:00:00]} Nc6 {[%emt 0:00:04]} 3. Bb5 {[%emt 0:00:00]} a6 {[%emt 0:00:27]} 4. Ba4 {[%emt 0:00:05]} Nge7 {[%emt 0:00:21]} 5. c3 {[%emt 0:00:47]} g6 {[%emt 0:00:42]} 6. d4 {[%emt 0:00:09]} exd4 {[%emt 0:00:23]} 7. cxd4 {[%emt 0:00:05]} Bg7 {[%emt 0:00:57]} 8. O-O {[%emt 0:02:10]} O-O {[%emt 0:00:55] C60: Ruy Lopez: Unusual Black 3rd moves and 3...g6} (8... b5 9. Bc2 d5 10. exd5 Nb4 11. Bb3 Nbxd5 12. Nc3 O-O 13. Re1 h6 14. h3 Nxc3 15. bxc3 Bb7 16. Ne5 {½-½ (40) Caruana,F (2816)-Giri,A (2782) Leuven 2018}) 9. d5 {[%emt 0:04:27]} Ne5 {[%emt 0:01:36]} 10. Nxe5 {[%emt 0:01:57]} Bxe5 {[%emt 0:00:08]} 11. Nc3 {[%emt 0:02:24]} Bg7 $146 {[%emt 0:06:44]} ({Predecessor:} 11... b5 12. Bb3 d6 13. Bh6 Re8 14. f4 Bg7 15. Bxg7 Kxg7 {1-0 (59) Gal,H (2074)-Furedi,E (1989) Budapest 2013}) 12. d6 {[%emt 0:02:28]} cxd6 {[%emt 0:03:53]} 13. Bg5 {[%emt 0:03:20]} h6 {[%emt 0:03:47]} 14. Bh4 {[%emt 0:05:50]} g5 {[%emt 0:02:13]} 15. Bg3 {[%emt 0:01:02]} Be5 {[%emt 0:00:14]} 16. Bxe5 {[%emt 0:01:21]} dxe5 {[%emt 0:00:16]} 17. Qd6 {[%emt 0:00:11]} Ng6 {[%emt 0:01:13]} 18. Bb3 {[%emt 0:00:35]} Kg7 {[%emt 0:02:06]} 19. Nd5 {[%emt 0:04:42]} b5 {[%emt 0:03:47]} 20. Rac1 {[%emt 0:05:19]} Bb7 {[%emt 0:02:54]} 21. Nb6 {[%emt 0:02:47]} Rb8 {[%emt 0:04:10]} 22. Nxd7 {[%emt 0:00:48]} Rc8 {[%emt 0:00:29]} 23. Rxc8 {[%emt 0:10:47]} Bxc8 {[%emt 0:00:16]} 24. Rd1 {[%emt 0:00:09]} Bxd7 {[%emt 0:04:44]} 25. Qxd7 {[%emt 0:00:04]} Qb6 {[%emt 0:00:47]} 26. g3 {[%emt 0:06:48]} Qc5 {[%emt 0:03:31]} 27. Rd6 {[%emt 0:02:10]} a5 {[%emt 0:04:04]} 28. Rc6 {[%emt 0:03:30]} Qb4 {[%emt 0:01:00]} 29. Qf5 {[%emt 0:01:01]} Qe7 {[%emt 0:02:07]} 30. Rb6 {[%emt 0:02:18]} Rd8 {[%emt 0:09:47]} 31. Bd5 {[%emt 0:00:24]} Rd7 {[%emt 0:00:22]} 32. Rxb5 {[%emt 0:01:16]} Ra7 {[%emt 0:00:57]} 33. a4 {[%emt 0:00:53]} Nf8 {[%emt 0:00:46]} 34. Qf3 {[%emt 0:02:23]} Nd7 {[%emt 0:09:51]} 35. Qc3 {[%emt 0:04:36]} Nf6 {[%emt 0:06:01]} 36. Rxa5 {[%emt 0:01:37]} Rc7 {[%emt 0:00:12]} 37. Qd2 {[%emt 0:01:17]} Qd6 {[%emt 0:01:14]} 38. Qe2 {[%emt 0:02:27]} Qb4 {[%emt 0:01:19]} 39. Ra6 {[%emt 0:01:01]} g4 {[%emt 0:00:39]} 40. Kg2 {[%emt 0:02:23]} Qd4 {[%emt 0:01:35]} 41. Rxf6 {[%emt 0:33:28]} Kxf6 {[%emt 0:30:30]} 42. Qxg4 {[%emt 0:00:13]} Qxb2 {[%emt 0:00:28]} 43. Qg8 {[%emt 0:00:44]} Qc3 $18 {[%emt 0:02:02]} 44. h4 {[%emt 0:00:56]} Rd7 {[%emt 0:04:37]} 45. Qh7 {[%emt 0:00:29]} Qc7 {[%emt 0:03:45]} 46. Qxh6+ {[%emt 0:00:32]} Ke7 {[%emt 0:00:08]} 47. Qg5+ {[%emt 0:00:49]} Kd6 {[%emt 0:00:26]} 48. h5 {[%emt 0:00:06]} Qb8 {[%emt 0:01:51]} 49. Qf6+ {[%emt 0:00:14]} Kc5 {[%emt 0:00:10]} 50. Qc6+ {[%emt 0:00:06]} 1-0

[Event "83rd ESP-ch Women-ch 2018"]
[Site "Linares"]
[Date "2018.08.22"]
[Round "3"]
[White "Lianes Garcia, Marcos"]
[Black "Cuenca Jimenez, Jose Fernando"]
[Result "0-1"]
[WhiteElo "2340"]
[BlackElo "2506"]
[Annotator "TA"]
[PlyCount "42"]
[EventDate "2018.08.09"]
[EventType "tourn"]
[EventCountry "ESP"]
[SourceTitle "playchess.com"]
[Source "ChessBase"]
[SourceQuality "1"]

{[%evp 19,42,15,4,4,11,10,10,7,17,-63,-58,-58,-66,-59,-63,-54,-54,-162,-159,-158,-151,-154,-152,-713,-714]} 1. e4 e5 2. Nf3 Nc6 3. d4 exd4 4. Nxd4 Bc5 5. Nb3 Bb6 6. Nc3 Nf6 7. Qe2 {C45: Scotch Game} O-O 8. Be3 (8. Bg5 h6 9. Bh4 Nd4 10. Qd3 Nxb3 11. cxb3 g5 12. Bg3 d5 13. O-O-O c6 14. exd5 Nxd5 {½-½ (36) Le,Q (2728)-Fedoseev,V (2707) Danzhou 2018}) 8... d5 9. O-O-O d4 10. Bg5 Qd6 {LiveBook: 3 Games} 11. Kb1 Ng4 {Strongly threatening ...Qg6.} 12. Nd5 Be6 13. Bf4 Nge5 {[#]} 14. c3 $146 ({Better is} 14. Bxe5 $11 Qxe5 15. f4) ({Predecessor:} 14. Bxe5 Nxe5 {0-1 (66) Ter Sahakyan,S (2604)-Pashikian,A (2606) Yerevan 2016}) 14... Bxd5 $15 15. exd5 Qxd5 16. Nxd4 Bxd4 17. cxd4 Rad8 $36 {[%mdl 2048] Black has the initiative.} 18. Be3 (18. Bxe5 $15 Nxe5 19. Qc2) 18... Nb4 $19 19. b3 {[#]} c5 $1 {[%cal Rc5d4][%mdl 512]} 20. Bg5 {[#]} (20. dxc5 Qxd1+) 20... Rd7 $1 ({Don't take} 20... cxd4 21. Be7 $15) 21. Re1 $2 (21. Bc1 $17) 21... Ned3 {Precision: White = 43%, Black = 100%.} 0-1

[Event "83rd ESP-ch Women-ch 2018"]
[Site "Linares"]
[Date "2018.08.22"]
[Round "3"]
[White "Tudela Corbalan, Carlos"]
[Black "Gonzalez Guedes, Iyan"]
[Result "1-0"]
[WhiteElo "2246"]
[BlackElo "1925"]
[Annotator "NA"]
[PlyCount "89"]
[EventDate "2018.08.09"]
[EventType "tourn"]
[EventCountry "ESP"]
[SourceTitle "playchess.com"]
[Source "ChessBase"]
[SourceQuality "1"]
[TimeControl "40/5400+30:1800+30"]

1. c4 {[%emt 0:04:10]} e5 {[%emt 0:00:00]} 2. Nc3 {[%emt 0:01:02]} Nc6 {[%emt 0:00:00]} 3. g3 {[%emt 0:00:05]} g6 {[%emt 0:00:00]} 4. Bg2 {[%emt 0:00:04]} Bg7 {[%emt 0:00:00]} 5. e3 {[%emt 0:00:07]} d6 {[%emt 0:00:48]} 6. Nge2 {[%emt 0:00:06]} f5 {[%emt 0:01:07]} 7. b3 {[%emt 0:00:27] A25: English Opening vs King's Indian with ...Nc6 but without early d3} (7. O-O Nf6 8. d3 O-O 9. b3 Be6 10. Nd5 Qd7 11. Bb2 Rae8 12. Qd2 Nd8 13. Qa5 Nxd5 14. cxd5 Bf7 15. Qxa7 g5 16. Rac1 Bh5 17. f3 {1-0 (28) Leko,P (2732)-Ding,L (2702) Beijing 2012}) 7... Nf6 {[%emt 0:00:34]} 8. Bb2 {[%emt 0:00:12]} O-O {[%emt 0:00:39]} 9. d4 {[%emt 0:01:25]} e4 {[%emt 0:09:39]} 10. Qd2 {[%emt 0:00:28]} Nb4 $146 {[%emt 0:03:37]} ({Predecessor:} 10... a5 11. Nf4 g5 12. Nfd5 Nxd5 13. Nxd5 {½-½ (53) Bagirov,V (2515)-Lalic,S (2305) Haarlem 1996}) 11. Nc1 {[%emt 0:05:43]} c5 {[%emt 0:06:48]} 12. a3 {[%emt 0:02:06]} Nc6 {[%emt 0:01:29]} 13. N1e2 {[%emt 0:00:57]} cxd4 {[%emt 0:09:00]} 14. exd4 {[%emt 0:00:13]} d5 {[%emt 0:00:41]} 15. c5 {[%emt 0:08:24]} b6 {[%emt 0:02:46]} 16. Rd1 {[%emt 0:08:00]} bxc5 17. dxc5 {[%emt 0:00:30]} Ne5 {[%emt 0:11:22]} 18. O-O {[%emt 0:02:49]} Ba6 {[%emt 0:02:25]} 19. b4 {[%emt 0:01:46]} Nf3+ {[%emt 0:11:02]} 20. Bxf3 {[%emt 0:00:08]} exf3 {[%emt 0:00:02]} 21. Nd4 {[%emt 0:08:24]} Bxf1 {[%emt 0:02:27]} 22. Kxf1 {[%emt 0:00:59]} Re8 {[%emt 0:02:11]} 23. Qf4 {[%emt 0:03:06]} Ne4 {[%emt 0:10:14]} 24. Qxf3 {[%emt 0:04:29]} a5 {[%emt 0:03:19]} 25. Nce2 {[%emt 0:11:10]} axb4 {[%emt 0:08:18]} 26. axb4 {[%emt 0:00:06]} Rb8 {[%emt 0:02:14]} 27. Nc6 {[%emt 0:04:57]} Qc8 {[%emt 0:00:05]} 28. Nxb8 {[%emt 0:01:12]} Bxb2 {[%emt 0:00:05]} 29. Qb3 {[%emt 0:01:51]} Qxb8 {[%emt 0:00:11]} 30. Rxd5 {[%emt 0:02:28]} Bg7 {[%emt 0:02:00]} 31. f3 {[%emt 0:07:41]} Kh8 $18 {[%emt 0:02:21]} (31... Nxc5 $142 32. Rxc5+ Kh8) 32. fxe4 {[%emt 0:00:21]} fxe4 {[%emt 0:00:05]} 33. Kg2 {[%emt 0:03:13]} Qb7 {[%emt 0:02:23]} 34. Rd6 {[%emt 0:05:02]} e3+ {[%emt 0:01:43]} 35. Qd5 {[%emt 0:02:47]} Qxb4 {[%emt 0:01:51]} 36. Rd8 {[%emt 0:01:11]} Qb5 {[%emt 0:00:41]} 37. Nd4 {[%emt 0:01:21]} Qb2+ {[%emt 0:01:53]} 38. Kh3 {[%emt 0:00:27]} Rf8 {[%emt 0:00:57]} 39. Rxf8+ {[%emt 0:01:16]} Bxf8 {[%emt 0:00:01]} 40. Qe5+ {[%emt 0:00:45]} Kg8 {[%emt 0:00:05]} 41. Qe6+ {[%emt 0:30:12]} Kg7 {[%emt 0:30:12]} 42. Qxe3 {[%emt 0:00:20]} Qb8 {[%emt 0:00:59]} 43. c6 {[%emt 0:01:08]} Bd6 {[%emt 0:00:52]} 44. Qe6 {[%emt 0:01:23]} Qf8 {[%emt 0:00:30]} 45. Kg2 {[%emt 0:01:13]} 1-0

[Event "83rd ESP-ch Women-ch 2018"]
[Site "Linares"]
[Date "2018.08.22"]
[Round "3"]
[White "Silva Rodriguez, Fernando"]
[Black "Serrano Garcia, Luis"]
[Result "1-0"]
[WhiteElo "2239"]
[BlackElo "1915"]
[Annotator "NA"]
[PlyCount "69"]
[EventDate "2018.08.09"]
[EventType "tourn"]
[EventCountry "ESP"]
[SourceTitle "playchess.com"]
[Source "ChessBase"]
[SourceQuality "1"]
[TimeControl "40/5400+30:1800+30"]

1. d4 {[%emt 0:00:00]} Nf6 {[%emt 0:00:00]} 2. c4 {[%emt 0:00:00]} e6 {[%emt 0:00:00]} 3. Nc3 {[%emt 0:00:08]} Bb4 {[%emt 0:00:03]} 4. e3 {[%emt 0:00:10]} c5 {[%emt 0:00:22]} 5. Bd3 b6 {[%emt 0:04:15]} 6. Nge2 {[%emt 0:01:41]} Bb7 {[%emt 0:00:51]} 7. O-O {[%emt 0:00:09]} O-O {[%emt 0:00:32]} 8. a3 {[%emt 0:00:30]} Bxc3 {[%emt 0:09:59]} 9. bxc3 {[%emt 0:00:55]} d5 {[%emt 0:06:22]} 10. cxd5 {[%emt 0:00:09]} exd5 {[%emt 0:00:16]} 11. f3 {[%emt 0:00:10]} Re8 {[%emt 0:09:16]} 12. g4 {[%emt 0:00:39]} Nc6 {[%emt 0:13:22]} 13. Ng3 {[%emt 0:01:25]} c4 {[%emt 0:03:13]} 14. Bb1 {[%emt 0:04:41]} Na5 {[%emt 0:02:50]} 15. Ra2 {[%emt 0:00:25]} g6 {[%emt 0:03:31]} 16. Re2 {[%emt 0:14:34]} h6 {[%emt 0:10:26]} 17. Bc2 {[%emt 0:02:19]} Nb3 {[%emt 0:03:28]} 18. Bb2 {[%emt 0:14:58]} Qc7 {[%emt 0:08:01]} 19. Qe1 {[%emt 0:02:39]} Qc6 {[%emt 0:06:51]} 20. h4 {[%emt 0:01:52]} Re6 {[%emt 0:09:15]} 21. g5 {[%emt 0:01:27]} hxg5 {[%emt 0:00:40]} 22. hxg5 {[%emt 0:00:04]} Nh7 {[%emt 0:00:18]} 23. f4 {[%emt 0:00:10]} Rae8 {[%emt 0:00:43]} 24. Rf3 {[%emt 0:01:30]} f5 {[%emt 0:02:57]} 25. gxf6 {[%emt 0:09:02]} Rxf6 {[%emt 0:00:39]} 26. Rg2 {[%emt 0:00:07]} Ng5 {[%emt 0:01:07]} 27. Rf1 {[%emt 0:01:08]} Nh3+ {[%emt 0:01:25]} 28. Kh2 {[%emt 0:00:05]} Nxf4 {[%emt 0:00:07]} 29. Rgf2 {[%emt 0:00:37]} Qe6 {[%emt 0:00:58]} 30. Rxf4 {[%emt 0:02:43]} Rxf4 {[%emt 0:00:04]} 31. Rxf4 {[%emt 0:00:05]} Qxe3 {[%emt 0:00:08]} 32. Qxe3 {[%emt 0:01:48]} Rxe3 {[%emt 0:00:10]} 33. Bxg6 {[%emt 0:00:15]} Nd2 {[%emt 0:01:41]} 34. Kg2 {[%emt 0:05:53]} Ne4 {[%emt 0:01:07]} 35. Bf7+ {[%emt 0:10:07]} 1-0

[Event "83rd ESP-ch Women-ch 2018"]
[Site "Linares"]
[Date "2018.08.22"]
[Round "3"]
[White "Diaz Castro, Ismael"]
[Black "Amoros Moran, Jose Joaquin"]
[Result "1-0"]
[WhiteElo "2212"]
[BlackElo "1908"]
[Annotator "NA"]
[PlyCount "67"]
[EventDate "2018.08.09"]
[EventType "tourn"]
[EventCountry "ESP"]
[SourceTitle "playchess.com"]
[Source "ChessBase"]
[SourceQuality "1"]
[TimeControl "40/5400+30:1800+30"]

1. d4 {[%emt 0:00:00]} Nf6 {[%emt 0:00:00]} 2. Nf3 {[%emt 0:00:00]} e6 {[%emt 0:00:00]} 3. g3 {[%emt 0:00:07]} b6 {[%emt 0:00:00]} 4. Bg2 {[%emt 0:00:01]} Bb7 {[%emt 0:00:59]} 5. O-O {[%emt 0:00:12]} d5 {[%emt 0:00:10]} 6. c4 {[%emt 0:00:27]} Nbd7 {[%emt 0:01:03]} 7. Nc3 {[%emt 0:00:35]} Be7 {[%emt 0:00:55] E16: Damenindisch (Hauptfortsetzung mit Lb4)} 8. Qc2 {[%emt 0:07:09]} O-O {[%emt 0:01:05]} 9. Rd1 {[%emt 0:01:37]} a6 {[%emt 0:03:33]} 10. cxd5 {[%emt 0:09:52]} exd5 {[%emt 0:00:28]} 11. Bf4 {[%emt 0:04:35]} Rc8 {[%emt 0:00:37]} 12. Rac1 {[%emt 0:00:10]} h6 {[%emt 0:06:59]} 13. h3 $146 {[%emt 0:04:00]} ({Vorgänger:} 13. Na4 c6 14. Nc3 b5 15. Ne1 Qb6 16. Bh3 Rcd8 17. Nd3 Rfe8 18. b4 {1-0 (42) Ivanov,M (2375)-Ginzburg,M (2150) Krasnodar 1996}) 13... Re8 {[%emt 0:03:19]} 14. g4 {[%emt 0:01:25]} Bf8 {[%emt 0:07:36]} 15. Bh2 {[%emt 0:23:23]} g6 {[%emt 0:14:40]} 16. Ne5 {[%emt 0:06:34]} Qe7 {[%emt 0:04:02]} 17. Qb3 {[%emt 0:01:29]} Qe6 {[%emt 0:04:09]} 18. e3 {[%emt 0:08:17]} Bg7 {[%emt 0:04:19]} 19. Ne2 {[%emt 0:03:22]} c6 {[%emt 0:07:05]} 20. Nf4 {[%emt 0:04:18]} Qe7 {[%emt 0:01:00]} 21. Nfd3 {[%emt 0:06:13]} a5 {[%emt 0:00:14]} 22. a4 {[%emt 0:00:49]} Qd8 {[%emt 0:07:55]} 23. Rc2 {[%emt 0:08:08]} Nb8 {[%emt 0:01:41]} 24. Rdc1 $14 {[%emt 0:01:04]} Nfd7 {[%emt 0:03:43]} 25. e4 {[%emt 0:01:12]} Nxe5 {[%emt 0:01:54]} 26. Nxe5 {[%emt 0:00:52]} Bxe5 {[%emt 0:02:23]} 27. Bxe5 {[%emt 0:00:02]} Rxe5 {[%emt 0:07:27]} 28. dxe5 {[%emt 0:00:09]} d4 {[%emt 0:00:06]} 29. e6 {[%emt 0:00:26]} fxe6 {[%emt 0:02:18]} 30. Qxe6+ {[%emt 0:00:09]} Kg7 {[%emt 0:00:06]} 31. e5 {[%emt 0:00:48]} d3 {[%emt 0:00:49]} 32. Rd2 {[%emt 0:00:18]} Ba6 {[%emt 0:03:02]} 33. Be4 {[%emt 0:01:08]} Qg5 34. f4 {[%emt 0:00:21]} 1-0

[Event "83rd ESP-ch Women-ch 2018"]
[Site "Linares"]
[Date "2018.08.22"]
[Round "3"]
[White "Lopez Guerrero, Jose Miguel"]
[Black "Fernandez Garcia, Francisco Jose"]
[Result "1-0"]
[WhiteElo "2148"]
[BlackElo "1835"]
[Annotator "NA"]
[PlyCount "115"]
[EventDate "2018.08.09"]
[EventType "tourn"]
[EventCountry "ESP"]
[SourceTitle "playchess.com"]
[Source "ChessBase"]
[SourceQuality "1"]
[TimeControl "40/5400+30:1800+30"]

1. e4 {[%emt 0:00:00]} c5 {[%emt 0:00:00]} 2. Nf3 {[%emt 0:00:00]} Nc6 {[%emt 0:00:00]} 3. Bb5 {[%emt 0:00:02]} g6 {[%emt 0:00:00]} 4. O-O {[%emt 0:00:22]} Bg7 {[%emt 0:00:07]} 5. d3 {[%emt 0:00:24]} Qc7 {[%emt 0:04:35] B31: Sicilian: 2...Nc6 3 Bb5 g6} (5... d6 6. Re1 Bd7 7. c3 Nf6 8. d4 O-O 9. Bxc6 Bxc6 10. d5 Bd7 11. h3 b5 12. a4 b4 13. e5 dxe5 14. Nxe5 {½-½ (70) Zvjaginsev,V (2643)-Dubov,D (2666) Sochi 2017}) 6. Nc3 {[%emt 0:01:09]} a6 {[%emt 0:03:02]} 7. Nd5 {[%emt 0:02:07]} Qd8 {[%emt 0:02:16]} 8. Ba4 $146 {[%emt 0:02:13]} ({Predecessor:} 8. Bxc6 bxc6 9. Ne3 Nf6 10. e5 Nd5 11. Nc4 O-O 12. Bd2 f6 13. Ba5 {0-1 (42) Zhou,S (2229)-Pileckis,E (2438) Pardubice 2010}) 8... Nf6 {[%emt 0:01:37]} 9. Nxf6+ {[%emt 0:02:44]} Bxf6 {[%emt 0:02:00]} 10. Bh6 {[%emt 0:00:18]} Ne5 {[%emt 0:04:18]} 11. Nxe5 {[%emt 0:01:09]} Bxe5 {[%emt 0:00:11]} 12. c3 {[%emt 0:00:19]} b5 {[%emt 0:02:11]} 13. Bc2 {[%emt 0:00:58]} Qb6 {[%emt 0:05:15]} 14. f4 {[%emt 0:01:15]} Bc7 {[%emt 0:01:28]} 15. Kh1 {[%emt 0:10:21]} Bb7 {[%emt 0:01:49]} 16. d4 {[%emt 0:01:02]} f5 {[%emt 0:04:21]} 17. exf5 {[%emt 0:07:02]} O-O-O {[%emt 0:02:29]} 18. d5 {[%emt 0:09:10]} gxf5 {[%emt 0:01:09]} 19. Bg5 {[%emt 0:00:12]} Qg6 {[%emt 0:01:45]} 20. Bxe7 {[%emt 0:02:38]} Rhg8 {[%emt 0:03:29]} 21. Qd2 {[%emt 0:00:25]} Rde8 {[%emt 0:00:25]} 22. Bxc5 {[%emt 0:05:47]} Qh5 {[%emt 0:08:37]} 23. Bd1 {[%emt 0:02:46]} Qh4 {[%emt 0:01:48]} 24. Bb3 {[%emt 0:02:45]} Qg4 {[%emt 0:08:13]} 25. Rf2 {[%emt 0:00:56]} d6 {[%emt 0:04:55]} 26. Bd4 {[%emt 0:03:15]} Rg6 {[%emt 0:00:27]} 27. Re1 {[%emt 0:06:39]} Reg8 {[%emt 0:03:11]} 28. Rfe2 {[%emt 0:00:12]} Kd8 {[%emt 0:10:32]} 29. Qe3 {[%emt 0:03:03]} Kc8 {[%emt 0:04:20]} 30. Bb6 {[%emt 0:01:11]} Qh4 {[%emt 0:06:24]} 31. Bxc7 {[%emt 0:03:16]} Kxc7 {[%emt 0:00:19]} 32. Qe7+ {[%emt 0:00:08]} Qxe7 {[%emt 0:00:24]} 33. Rxe7+ {[%emt 0:00:02]} Kb6 {[%emt 0:00:16]} 34. g3 {[%emt 0:00:18]} a5 {[%emt 0:00:37]} 35. a3 {[%emt 0:00:16]} b4 {[%emt 0:00:39]} 36. axb4 {[%emt 0:01:00]} axb4 {[%emt 0:00:19]} 37. Rxh7 {[%emt 0:00:07]} bxc3 {[%emt 0:00:20]} 38. bxc3 {[%emt 0:00:35]} R8g7 {[%emt 0:00:31]} 39. Rxg7 {[%emt 0:00:11]} Rxg7 {[%emt 0:00:05]} 40. Re6 {[%emt 0:04:18]} Kc5 {[%emt 0:00:16]} 41. c4 {[%emt 0:30:52]} Bc8 {[%emt 0:30:21]} 42. Re8 {[%emt 0:02:09]} Bd7 {[%emt 0:00:57]} 43. Rd8 {[%emt 0:02:40]} Kb4 {[%emt 0:00:19]} 44. Ba2 {[%emt 0:01:19]} Ka3 {[%emt 0:00:16]} 45. Ra8+ {[%emt 0:00:13]} Kb2 {[%emt 0:00:26]} 46. Kg2 {[%emt 0:09:01]} Re7 {[%emt 0:00:09]} 47. Kf3 {[%emt 0:00:44]} Be8 {[%emt 0:00:11]} 48. h3 {[%emt 0:00:25]} Bg6 {[%emt 0:03:08]} 49. Ra6 $18 {[%emt 0:01:40]} Bf7 {[%emt 0:01:52]} 50. c5 {[%emt 0:01:14]} Rc7 {[%emt 0:05:30]} 51. cxd6 {[%emt 0:02:05]} Rc3+ {[%emt 0:00:11]} 52. Kf2 {[%emt 0:00:22]} Be8 {[%emt 0:00:47]} 53. Ra7 {[%emt 0:00:15]} Rc2+ {[%emt 0:00:48]} 54. Ke3 {[%emt 0:00:49]} Rc3+ {[%emt 0:00:07]} 55. Kd4 {[%emt 0:01:06]} Rxg3 {[%emt 0:00:34]} 56. Bc4 {[%emt 0:00:09]} Rxh3 {[%emt 0:00:30]} 57. d7 {[%emt 0:00:07]} Bxd7 {[%emt 0:00:31]} 58. Rxd7 1-0